MARC details
| 000 -LEADER |
| fixed length control field |
00976nam a22002537a 4500 |
| 003 - CONTROL NUMBER IDENTIFIER |
| control field |
OSt |
| 005 - DATE AND TIME OF LATEST TRANSACTION |
| control field |
20260423004930.0 |
| 008 - FIXED-LENGTH DATA ELEMENTS--GENERAL INFORMATION |
| fixed length control field |
250728b |||||||| |||| 00| 0 eng d |
| 020 ## - INTERNATIONAL STANDARD BOOK NUMBER |
| International Standard Book Number |
9781483340081 |
| 040 ## - CATALOGING SOURCE |
| Original cataloging agency |
DWCL-Main lib |
| Transcribing agency |
OC |
| 082 ## - DEWEY DECIMAL CLASSIFICATION NUMBER |
| Classification number |
Circ. 616.891 Z93c 2016 |
| 100 ## - MAIN ENTRY--PERSONAL NAME |
| Personal name |
Zubernis, Lyn |
| 245 ## - TITLE STATEMENT |
| Title |
Case conceptualization and effective interventions : |
| Remainder of title |
assessing and treating mental, emotional and behavioral disorders/ |
| Statement of responsibility, etc. |
Lyn Zubernis |
| 260 ## - PUBLICATION, DISTRIBUTION, ETC. |
| Place of publication, distribution, etc. |
Thousand Oaks, California : |
| Name of publisher, distributor, etc. |
SAGE Publications, |
| Date of publication, distribution, etc. |
c2016. |
| 300 ## - PHYSICAL DESCRIPTION |
| Extent |
xx, 251 pages : |
| Other physical details |
illustrations ; |
| Dimensions |
23 cm. |
| 504 ## - BIBLIOGRAPHY, ETC. NOTE |
| Bibliography, etc. note |
Includes bibliographical references |
| 650 ## - SUBJECT ADDED ENTRY--TOPICAL TERM |
| Topical term or geographic name entry element |
1. Counseling. |
| 650 ## - SUBJECT ADDED ENTRY--TOPICAL TERM |
| Topical term or geographic name entry element |
2. Mental illness--Diagnosis--Case studies. |
| 650 ## - SUBJECT ADDED ENTRY--TOPICAL TERM |
| Topical term or geographic name entry element |
3. Counseling--Case Reports. |
| 650 ## - SUBJECT ADDED ENTRY--TOPICAL TERM |
| Topical term or geographic name entry element |
4. Mental Disorders--diagnosis--Case Reports. |
| 650 ## - SUBJECT ADDED ENTRY--TOPICAL TERM |
| Topical term or geographic name entry element |
5. Mental Disorders--therapy--Case Reports. |
| 650 ## - SUBJECT ADDED ENTRY--TOPICAL TERM |
| Topical term or geographic name entry element |
6. Mental illness--Diagnosis. |
| 942 ## - ADDED ENTRY ELEMENTS (KOHA) |
| Source of classification or shelving scheme |
Dewey Decimal Classification |
| Koha item type |
Book Circulation |
| Call number prefix |
Circ. |
| Suppress in OPAC |
No |
| 952 ## - LOCATION AND ITEM INFORMATION (KOHA) |
| -- |
|